| 000 | 00348nam a22001337a 4500 | ||
|---|---|---|---|
| 020 | _a81-219-2767-9 | ||
| 082 |
_a530 _bSIN/P |
||
| 100 | _aLAKHMIR SINGH, MANJIT KAUR | ||
| 245 | _aSCIENCE FOR NINTH CLASS PHYSICS (PART - 1) | ||
| 260 |
_aDELHI _bEURASIA PUBLISHING HOUSE _c2013 |
||
| 300 | _a276 | ||
| 650 |
_aPHYSICS FOR CLASS IX _zINDIA |
||
| 942 | _cBK | ||
| 999 |
_c905 _d905 |
||